000 00688nam a2200241Ia 4500
003 OSt
005 20220925210557.0
006 a|||||r|||| 00| 0
007 ta
008 220923b |||||||| |||| 00| 0 eng d
037 _cGeneral Book
040 _aRTL
_cRTL
_beng
041 _2eng
_aeng
082 _aX:57.2.N6, K1,K1;K5
110 _aIndia investment centre
_9272680
245 0 _aIndian investment center (Exchange control)
260 _aIndia
_bIndia
_c1965
650 _a Economics
650 _aForeign Language
_9241692
700 _aIndia investment centre
_9272681
942 _hX:57.2.N6, K1,K1;K5
_cGB
_2CC
999 _c555488
_d555488